000 00576nam a2200241 a 4500
001 nice12345678
003 IN_TiNIC
005 20260116012658.0
008 050524s1975 cana grp 000 0 eng
020 _a
_c100
082 0 0 _a248.32
_bHAR
100 _aHarlow, Gertrud
245 _aAsk in My Name
260 _aCanada
_bEvery Day Publications
_c1975
300 _a53p
500 _aincludes index and biblioraphy
505 2 _aBibliography
650 _aPrayer-Christianity
700 1 _aHarlow, Gertrud
902 _bSRS
942 _cBK
999 _c7913
_d7913